| 000 | 02135nam a22003014a 4500 | ||
|---|---|---|---|
| 001 | 478 | ||
| 003 | OSt | ||
| 005 | 20250902144144.0 | ||
| 008 | 250902b |||||||| |||| 00| 0 eng d | ||
| 020 | _a8502015257 | ||
| 040 | _bpor | ||
| 041 | _hpor | ||
| 082 | 0 | 4 |
_a028.5 _bA994l |
| 100 | 1 |
_aAzevedo, Ricardo, _d1949- _91030 |
|
| 245 | 1 | 2 |
_aO leão da noite estrelada / _cRicardo Azevedo |
| 250 | _a3. ed. | ||
| 260 |
_aSão Paulo _bSaraiva, _c1997. |
||
| 300 |
_a62p. _bil. |
||
| 520 | _aNessa história acompanhamos as aventura de um leão muito especial: nascido na floresta, logo passou a ser amado e respeitado por todos os animais, quando aprisionado por caçadores sobreviveu às dificuldades da vida no circo e depois, no zoológico. Após escapar do cativeiro, seguindo seu instinto, embrenhando-se por muitos caminhos, consegue encontrar a selva, onde conhece outras espécies. Alertado pelos bichos de que a natureza e seus habitantes estariam com os dias contados se não fosse tomada uma atitude, o leão tenta esquivar-se da responsabilidade a ele atribuída. No entanto, volta atrás e propõe um plano, logo aceito por todos: os animais fariam uma “invasão amistosa” ao mundo civilizado com o objetivo de alertar os homens sobre os perigos do desequilíbrio ambiental. Sem apresentar um final definitivo, o narrador nos conta que uns dizem que o leão acabou sendo morto por caçadores, outros garantem que ele voltou para sua terra natal e outros, ainda, afirmam que ele “embrenhou-se na floresta imensa e foi viver com a onça-pintada um apaixonado caso de amor”. Essa narrativa reúne um enredo envolvente e uma proposta importante: alertar as crianças que se iniciam na leitura para a urgência da preservação do meio-ambiente e a importância do respeito à natureza numa história de ficção que não resvala para o didatismo disfarçado ou para o texto piegas | ||
| 650 |
_aLiteratura Brasileira _9205 |
||
| 650 |
_aInfantojuvenil _9200 |
||
| 650 |
_aAventura _947 |
||
| 655 | 0 |
_aRomance _923 |
|
| 655 | 0 |
_aFicção _922 |
|
| 830 | 0 |
_aJabuti _pAventura) |
|
| 942 |
_2ddc _n0 _cBK |
||
| 990 | _aLivro | ||
| 999 |
_c478 _d478 |
||